000 01062cam a22002054a 4500
005 20250605164146.0
008 250528s ||||||||||||||||||||||||d
035 _a19173
020 _a851526454
040 _aGR-AtMCL
_bgre
_dGR-AtMCL
_eAACR2
245 1 _aThe Bartholomew Warne Atlas of Europe / A profile of Western Europe
260 _bJohn Bartholomew & Son Ltd. Edinburgh,
_c1974
300 _a130
520 _aAn Atlas about Europeans. Introduction, Europe's Place in the World, The Landscape of Europe, Administrative Divisions, Changing Europe, Towards European Unity, Co-Operation in Europe, Where Europeans Live, Food Production, Energy in Europe, The Workforce, The Railway Network, World Trade, Exports and Imports, Europe Overseas, Strategic Position and Western Europe, Europe and Overseas Aid, General Reference Maps, Constitutions and Governments, Statistical Profile, Glossary, Sources and Subject Index.
700 1 _aBartholomew John
_95413
700 1 _aWarne Frederick
_95414
942 _cBK
999 _c4447
_d4447